[Event "Collado Villalba 64 op 5th"]
[Site "Collado Villalba"]
[Date "2017.07.23"]
[Round "1"]
[White "Martin Consuegra, Barrilero Javier"]
[Black "Gonzalez Arroyo, Abel Miguel"]
[Result "1/2-1/2"]
[WhiteElo "1818"]
[BlackElo "1496"]
[PlyCount "93"]
[EventDate "2017.07.23"]
[EventType "swiss"]
[EventRounds "9"]
[EventCountry "ESP"]
[SourceTitle "CBM 179 Extra"]
[Source "ChessBase"]
[SourceDate "2017.08.23"]
[SourceVersion "1"]
[SourceVersionDate "2017.08.23"]
[SourceQuality "1"]

1. d4 d5 2. Bf4 c6 3. e3 Nf6 4. h3 Bf5 5. c4 e6 6. Qb3 Qb6 7. Nc3 Nbd7 8. Nf3 Ne4 9. c5 Qxb3 10. axb3 Be7 11. b4 Nxc3 12. bxc3 0-0 13. Be2 Rfc8 14. 0-0 Bd8 15. Ra3 Bc7 16. Rfa1 Bxf4 17. exf4 a6 18. b5 cxb5 19. Bxb5 Rc7 20. Ne5 Nb8 21. g4 Bg6 22. Be2 f6 23. Nf3 Nc6 24. Re1 Re8 25. Bf1 Rce7 26. Raa1 e5 27. f5 Bf7 28. Rab1 exd4 29. Rxe7 Rxe7 30. cxd4 g6 31. Bd3 g5 32. Kf1 h5 33. Rb6 hxg4 34. hxg4 Be8 35. Be2 Kg7 36. Ke1 Na5 37. Kd2 Nc4+ 38. Bxc4 dxc4 39. Re6 Rxe6 40. fxe6 Bc6 41. Ne1 Bd5 42. e7 Kf7 43. Kc3 Kxe7 44. Nc2 Kd7 45. Ne3 Kc6 46. Kb4 Be6 47. Kc3 1/2-1/2

[Event "Tres Cantos op 9th"]
[Site "Tres Cantos"]
[Date "2017.06.29"]
[Round "8"]
[White "Soto Martin, Pablo"]
[Black "Martin Consuegra, Barrilero Javier"]
[Result "1/2-1/2"]
[WhiteElo "2064"]
[BlackElo "1818"]
[PlyCount "64"]
[EventDate "2017.06.22"]
[EventType "swiss"]
[EventRounds "9"]
[EventCountry "ESP"]
[SourceTitle "EXT 2019"]
[Source "ChessBase"]
[SourceDate "2018.10.10"]
[SourceVersion "1"]
[SourceVersionDate "2018.10.10"]
[SourceQuality "1"]

1. e4 d6 2. d4 Nf6 3. Nc3 e5 4. Nf3 Nbd7 5. Bc4 Be7 6. 0-0 0-0 7. Re1 c6 8. a4 a5 9. b3 Nb6 10. Bd3 Bg4 11. dxe5 dxe5 12. h3 Bxf3 13. Qxf3 Qc7 14. Ne2 Nbd7 15. Ng3 g6 16. Bh6 Rfe8 17. Bc4 Nb6 18. Bf1 Nfd7 19. Rad1 Bf8 20. Qe3 Bxh6 21. Qxh6 Re6 22. Re3 Qd8 23. Red3 Qf8 24. Qe3 Qe7 25. Be2 Nc5 26. R3d2 Qf8 27. Bg4 Ree8 28. Rd6 Ncxa4 29. bxa4 Nc4 30. Qc5 Nxd6 31. Qxd6 Qxd6 32. Rxd6 Red8 1/2-1/2